Представление документа в формате RUSMARC

ПолеНазваниеЗначение
  Тип записи c
  Библиографический уровень m
001 Контрольный номер RU/УОНБ/EK_N/322861336
005 Дата корректировки 20250520122130.4
010 Индекс ISBN __
9 Тираж 5000 экз.
013 Номер (ISMN) __
d Цена 7800 р.
071 Издательские номер (звукозапись и ноты) 21
a Номер, присвоенный агентством 071
100 Данные общей обработки __
a Данные общей обработки 20220210d1996 u y0rusy0103||||ca
101 Язык документа 0_
a Язык текста rus
f Язык титульного листа rus
102 Страна публикации __
a Страна публикации RU
125 Кодированные данные звукозаписи и нотных изданий __
a Форма изложения нотного текста z|
128 Кодированные данные (звукозаписи-физические характеристики) __
a Кодированные данные: Музыкальная форма и тональность или лад zz
c Инструменты или голоса, рекомендуемые для солистов (устаревшее) tb||
200 Заглавие и сведения об ответственности 1_
a Заглавие Популярная музыка
b Общее обозначение материала Ноты
e Сведения, относящиеся к заглавию для шестиструн. гитары
f Первые сведения об ответственности сост. В. А. Максименко
210 Выходные данные 1_
a Место издания Москва
c Издательство Кифара
d Дата издания cop. 1996
215 Физическое описание __
a Объем 49 с.
d Формат 29 см
327 Примечание о содержании 11
a Примечание о содержании Содерж. : Альбинони Т. - Джиазотто Р. Адажио / обраб. Х. де Аспиазу. - Бетховен Л. Элизе. - Шопен Ф. Вальс : ор. 34. - Мендельсон Ф. Канцонетта. - Булахов П. Не пробуждай воспоминанья / обраб. В. Славского. - Шостакович Д. Романс : из кф. "Овод". - Свиридов Г. Романс : из муз. иллюстраций к повести А. С. Пушкина "Метель". - М. де Фалья. Танец : из балета "Треуголка". - Вилла-Лобос Э. Бразильский танец. - Таррега Ф. Воспоминание об Альгамбре. - Аргентинская народная мелодия / обраб. А. Гонсалес. - Гомец В. Романс. - Керн Д. Дым. - Уэбстер П., Темкин Д. Зелень лета. - Джоплин С. Кленовый лист : рэгтайм. - Мориа П. Токката. - Сагрерас Х. Колибри.
464 Аналитический уровень _0
1 2001
a Адажио
1 700 1
a Альбинони
b Т.
1 701 1
a Джиазотто
b Р.
1 702 1
a Аспиазу
b Х. де
4 030
464 Аналитический уровень _0
1 2001
a Элизе
1 700 1
a Бетховен
b Л.
464 Аналитический уровень _0
1 2001
a Вальс
e ор. 34
1 700 1
a Шопен
b Ф.
464 Аналитический уровень _0
1 2001
a Канцонетта
1 700 1
a Мендельсон
b Ф.
464 Аналитический уровень _0
1 2001
a Не пробуждай воспоминанья
1 700 1
a Булахов
b П.
1 702 1
a Славский
b В.
4 030
464 Аналитический уровень _0
1 2001
a Романс
e из кф. "Овод"
1 700 1
a Шостакович
b Д.
1 50010
a Овод
464 Аналитический уровень _0
1 2001
a Романс
e из муз. иллюстраций к повести А. С. Пушкина "Метель"
1 700 1
a Свиридов
b Г.
1 50010
a Метель
464 Аналитический уровень _0
1 2001
a Танец
e из балета "Треуголка"
1 700 1
a Фалья
b М. де
1 50010
a Треуголка
464 Аналитический уровень _0
1 2001
a Бразильский танец
1 700 1
a Вилла-Лобос
b Э.
464 Аналитический уровень _0
1 2001
a Воспоминание об Альгамбре
1 700 1
a Таррега
b Ф.
464 Аналитический уровень _0
1 2001
a Аргентинская народная мелодия
1 702 1
a Гонсалес
b А.
4 030
464 Аналитический уровень _0
1 2001
a Романс
1 700 1
a Гомец
b В.
464 Аналитический уровень _0
1 2001
a Дым
1 700 1
a Керн
b Д.
464 Аналитический уровень _0
1 2001
a Зелень лета
1 700 1
a Уэбстер
b П.
1 701 1
a Темкин
b Д.
464 Аналитический уровень _0
1 2001
a Кленовый лист
e рэгтайм
1 700 1
a Джоплин
b С.
464 Аналитический уровень _0
1 2001
a Токката
1 700 1
a Мориа
b П.
464 Аналитический уровень _0
1 2001
a Колибри
1 700 1
a Сагрерас
b Х.
512 Заглавие обложки 1_
a Заглавие обложки Популярная музыка
606 Тематические рубрики 0_
a Основная рубрика Гитара шестиструнная
x Основная подрубрика Популярная музыка
610 Ключевые слова 0_
a Ключевые слова гитара шестиструнная
610 Ключевые слова 0_
a Ключевые слова популярная музыка
686 Индексы других классификаций __
a Классификационный индекс 85.956.41я43
2 Код системы rubbk
702 Вторичная интеллектуальная ответственность _1
a Фамилия Максименко
b Имя (инициалы) В.
4 Код отношения 220
801 Источник записи _0
a Страна RU
b Организация Ульяновская ОНБ
c Дата составления 20220210
g Правила каталогизации RCR
801 Источник записи _1
a Страна RU
b Организация Ульяновская ОНБ
c Дата составления 20220210
901 Тип документа __
t Тип документа m
909 Создатель записи __
a Создатель записи Лобина Л. И.
938 Служебная информация __
a Имя БД noti
b Имя библиотеки УОНБ
c Имя АИБС МАРК-SQL
d Номер DOC_ID в БД 3058